000 00795nam a22002657a 4500
001 BR6002315
003 BR-BrBNA
005 20230928083124.0
007 ta
008 230509b bl.||||| |||| 00| 0 por d
040 _aBR-BrBNA
_bpor
_cBiblioteca Nacional de Agricultura
041 _a(Por)
072 _aF00
_b2110
090 _ 2110 BR6002315
100 1 _aCoutinho, A.
110 1 _aComissao Executiva do Plano de Recuperacao Economico-Rural da Lavoura Cacaueira, Ilheus, BA (Brasil)
_92138
245 1 _aA importancia do sombreamento na cultura do cacaueiro
_bCurso Internacional do Cacau
260 3 _aIlheus, BA (Brasil):
_c1970.
300 _a11 p.
500 _a12 ref.
650 _aCACAU
650 _aSOMBREAMENTO
909 _a202309
_bLucia
_c55
_dLucia Elande
942 _cBK
999 _c11676
_d11676